| 000 | 00457nam a22001337a 4500 | ||
|---|---|---|---|
| 999 |
_c11885 _d11885 |
||
| 008 | 190111b ||||| |||| 00| 0 eng d | ||
| 082 |
_21988 _aDFil 155.9042 _bF11 |
||
| 100 |
_aFabella, Armand T. _933811 |
||
| 245 |
_aYou can cope up with stress/ _cArmand T. Fabella |
||
| 260 |
_a[Philippines]: _bPhilippine Publishing House, _c©1988 |
||
| 300 |
_a135 pages: _bcolor illustrations; _c21 cm. |
||
| 650 |
_aStress & stress management _933812 |
||
| 942 |
_2ddc _cDFIL |
||